Basic Abstract Algebra (Record no. 12374)

000 -LEADER
fixed length control field 00483nam a22001817a 4500
008 - FIXED-LENGTH DATA ELEMENTS--GENERAL INFORMATION
fixed length control field 230508b 2018 ||||| |||| 00| 0 eng d
020 ## - INTERNATIONAL STANDARD BOOK NUMBER
International Standard Book Number 9780521545488
082 ## - DEWEY DECIMAL CLASSIFICATION NUMBER
Item number BHA
100 ## - MAIN ENTRY--PERSONAL NAME
Personal name Bhattacharya P.B
245 ## - TITLE STATEMENT
Title Basic Abstract Algebra
250 ## - EDITION STATEMENT
Edition statement 2nd ed.
260 ## - PUBLICATION, DISTRIBUTION, ETC. (IMPRINT)
Place of publication, distribution, etc New Delhi
Name of publisher, distributor, etc Cambridge
Date of publication, distribution, etc 2018
300 ## - PHYSICAL DESCRIPTION
Extent xx, 487p.
650 ## - SUBJECT ADDED ENTRY--TOPICAL TERM
Topical term or geographic name as entry element Sets and mappings
650 ## - SUBJECT ADDED ENTRY--TOPICAL TERM
Topical term or geographic name as entry element Integers, real numbers, and complex numbers
650 ## - SUBJECT ADDED ENTRY--TOPICAL TERM
Topical term or geographic name as entry element Matrices and determinants
942 ## - ADDED ENTRY ELEMENTS (KOHA)
Item type Books
Holdings
Withdrawn status Lost status Source of classification or shelving scheme Damaged status Not for loan Collection code Permanent location Current location Shelving location Date acquired Full call number Barcode Date last seen Koha item type Public note
          Non-fiction IMU-MPC Library IMU-MPC Library General Stacks 2023-05-08 512.02 BHA MPC6669 2025-03-17 Books Column-24
Copyright © 2021 Indian Maritime University, Mumbai Port Campus. All Rights Reserved. Managed & Maintained by Central Library, IMU-Mumbai

webs counters

Powered by Koha